LIBRARY & INFORMATION CENTRE, KCAET, TAVANUR

ONLINE PUBLIC ACCESS CATALOGUE (OPAC)

Soil mechanics in engineering practice / (Record no. 1917)

MARC details
000 -LEADER
fixed length control field 00436cam a2200169ua 4500
003 - CONTROL NUMBER IDENTIFIER
control field OSt
008 - FIXED-LENGTH DATA ELEMENTS--GENERAL INFORMATION
fixed length control field 250415b |||||||| |||| 00| 0 eng d
041 ## - LANGUAGE CODE
Language code of text/sound track or separate title eng
082 ## - DEWEY DECIMAL CLASSIFICATION NUMBER
Classification number 624.15136
Item number TER/SO
100 ## - MAIN ENTRY--AUTHOR NAME
Personal name Terzaghi, Karl .
245 ## - TITLE STATEMENT
Title Soil mechanics in engineering practice /
250 ## - EDITION STATEMENT
Edition statement 1 /
260 ## - PUBLICATION, DISTRIBUTION, ETC. (IMPRINT)
Place of publication Mumbai :
Name of publisher Asia Publishing House ,
Year of publication 1962.
300 ## - PHYSICAL DESCRIPTION
Number of Pages 565 ; .
700 1# - ADDED ENTRY--PERSONAL NAME
Personal name Peck, Ralph.B .
942 ## - ADDED ENTRY ELEMENTS (KOHA)
Koha item type Books
Holdings
Withdrawn status Lost status Damaged status Home library Current library Date acquired Full call number Accession Number Koha item type
      KAUAET KAUAET 07/04/2012 624.15136 TER/SO 3282 Books
      KAUAET KAUAET 07/04/2012 624.15136 TER/SO 2569 Books
      KAUAET KAUAET 07/04/2012 624.15136 TER/SO 7960 Books
      KAUAET KAUAET 07/04/2012 624.15136 TER/SO 21386 Reference
free website counter